<?xml version="1.0" encoding="UTF-8"?>
<record
    xmlns:xsi="http://www.w3.org/2001/XMLSchema-instance"
    xsi:schemaLocation="http://www.loc.gov/MARC21/slim http://www.loc.gov/standards/marcxml/schema/MARC21slim.xsd"
    xmlns="http://www.loc.gov/MARC21/slim">

  <leader>02203nam a2200373 a 4500</leader>
  <controlfield tag="001">000044837</controlfield>
  <controlfield tag="003">DO-SdBNP</controlfield>
  <controlfield tag="005">20250219170734.0</controlfield>
  <controlfield tag="007">ta</controlfield>
  <controlfield tag="008">090629s2012    dr ad  fr    i001 e spa d</controlfield>
  <datafield tag="040" ind1=" " ind2=" ">
    <subfield code="a">DO-SdBNP</subfield>
    <subfield code="b">spa</subfield>
    <subfield code="c">BNPHU</subfield>
    <subfield code="e">rda</subfield>
  </datafield>
  <datafield tag="082" ind1=" " ind2="4">
    <subfield code="b">S471d</subfield>
    <subfield code="2">22</subfield>
  </datafield>
  <datafield tag="111" ind1="2" ind2=" ">
    <subfield code="a">Seminario sobre desarrollo territorial, transparencia e institucionalidad</subfield>
    <subfield code="d">(5-6 de julio de 2011 :</subfield>
    <subfield code="c">Santo Domingo, Rep&#xFA;blica Dominicana)</subfield>
    <subfield code="9">72851</subfield>
  </datafield>
  <datafield tag="245" ind1="1" ind2="0">
    <subfield code="a">Desarrollo territorial, transparencia e institucionalidad /</subfield>
    <subfield code="c">Pr&#xF3;logo, Michel Bouvier, Marie-Christine Esclassan; traductor, Esther A. Veras Mena.</subfield>
  </datafield>
  <datafield tag="264" ind1=" " ind2=" ">
    <subfield code="a">Santo Domingo :</subfield>
    <subfield code="b">Ministerio de Econom&#xED;a, Planificaci&#xF3;n y Desarrollo,</subfield>
    <subfield code="c">2012</subfield>
  </datafield>
  <datafield tag="300" ind1=" " ind2=" ">
    <subfield code="a">154 p&#xE1;ginas ;</subfield>
    <subfield code="c">23 cm.</subfield>
    <subfield code="e">+CD - Room</subfield>
  </datafield>
  <datafield tag="336" ind1=" " ind2=" ">
    <subfield code="2">rdacontent</subfield>
    <subfield code="a">texto</subfield>
    <subfield code="b">txt</subfield>
  </datafield>
  <datafield tag="337" ind1=" " ind2=" ">
    <subfield code="2">rdamedia</subfield>
    <subfield code="a">sin mediaci&#xF3;n</subfield>
    <subfield code="b">n</subfield>
  </datafield>
  <datafield tag="338" ind1=" " ind2=" ">
    <subfield code="2">rdacarrier</subfield>
    <subfield code="a">volumen</subfield>
    <subfield code="b">nc</subfield>
  </datafield>
  <datafield tag="500" ind1=" " ind2=" ">
    <subfield code="a">Incluye bibliograf&#xED;a y notas al pi&#xE9; de p&#xE1;ginas.</subfield>
  </datafield>
  <datafield tag="500" ind1=" " ind2=" ">
    <subfield code="a">Incluye CD-rom en uno de los ejemplares.</subfield>
  </datafield>
  <datafield tag="505" ind1=" " ind2=" ">
    <subfield code="a">Introducci&#xF3;n y Agradecimiento.-- Pr&#xF3;logo.-- Programa del Seminario.-- Transcripci&#xF3;n de las Exposiciones.</subfield>
    <subfield code="t">Acto de Inauguraci&#xF3;n.--</subfield>
    <subfield code="t">Primera Mesa Redonda: "&#xBF;C&#xF3;mo hacer posible el desarrollo territorial?".--</subfield>
    <subfield code="t">Segunda Mesa Redonda: "Los servicios p&#xFA;blicos locales y su impacto en el desarrollo: experiencias internacionales.--</subfield>
    <subfield code="t">Tercera Mesa Redonda: "Transparencia financiera y acci&#xF3;n participativa como garant&#xED;a para el desarrollo territorial.-- </subfield>
    <subfield code="t">Cuarta Mesa Redonda: "El desarrollo en el Rep&#xFA;blica Dominicana: situaci&#xF3;n y desarrollo</subfield>
    <subfield code="t">Acto de Clausura.--</subfield>
    <subfield code="t">&#xCD;ndice.</subfield>
  </datafield>
  <datafield tag="590" ind1=" " ind2=" ">
    <subfield code="a">Inventariado 2024 / MF</subfield>
  </datafield>
  <datafield tag="650" ind1=" " ind2="4">
    <subfield code="9">1431</subfield>
    <subfield code="a">Desarrollo Territorial</subfield>
    <subfield code="v">Congresos, Conferencias, etc.</subfield>
  </datafield>
  <datafield tag="651" ind1=" " ind2="4">
    <subfield code="9">81922</subfield>
    <subfield code="a">Rep&#xFA;blica Dominicana</subfield>
    <subfield code="v">Desarrollo Territorial</subfield>
  </datafield>
  <datafield tag="651" ind1=" " ind2="4">
    <subfield code="9">81689</subfield>
    <subfield code="a"> Rep&#xFA;blica Dominicana</subfield>
    <subfield code="v">Planes de desarrollo</subfield>
    <subfield code="y">2010 - 2030</subfield>
  </datafield>
  <datafield tag="700" ind1="1" ind2=" ">
    <subfield code="a">Bouvier, Michel,</subfield>
    <subfield code="e">pr&#xF3;logo</subfield>
    <subfield code="9">83100</subfield>
  </datafield>
  <datafield tag="700" ind1="1" ind2=" ">
    <subfield code="a"> Esclassan, Marie-Christine</subfield>
    <subfield code="e">pr&#xF3;l.</subfield>
    <subfield code="9">83101</subfield>
  </datafield>
  <datafield tag="700" ind1="1" ind2=" ">
    <subfield code="a">Veras Mena, Esther A.</subfield>
    <subfield code="e">trad.</subfield>
    <subfield code="9">83102</subfield>
  </datafield>
  <datafield tag="710" ind1="1" ind2=" ">
    <subfield code="a">Rep&#xFA;blica Dominicana. </subfield>
    <subfield code="b">Ministerio de Econom&#xED;a, Planificaci&#xF3;n y Desarrollo </subfield>
    <subfield code="9">66142</subfield>
  </datafield>
  <datafield tag="710" ind1="1" ind2=" ">
    <subfield code="a">Agencia Francesa para el Desarrolo</subfield>
    <subfield code="9">83103</subfield>
  </datafield>
  <datafield tag="910" ind1=" " ind2=" ">
    <subfield code="a">MFeliz</subfield>
  </datafield>
  <datafield tag="942" ind1=" " ind2=" ">
    <subfield code="2">ddc</subfield>
    <subfield code="c">LBS1</subfield>
  </datafield>
  <datafield tag="952" ind1=" " ind2=" ">
    <subfield code="0">0</subfield>
    <subfield code="1">0</subfield>
    <subfield code="2">ddc</subfield>
    <subfield code="5">6</subfield>
    <subfield code="7">0</subfield>
    <subfield code="8">DS</subfield>
    <subfield code="a">BNPHU</subfield>
    <subfield code="b">BNPHU</subfield>
    <subfield code="c">CT</subfield>
    <subfield code="d">2015-01-14</subfield>
    <subfield code="o">S471d</subfield>
    <subfield code="p">44837-30</subfield>
    <subfield code="r">2020-06-25</subfield>
    <subfield code="t">e. 3</subfield>
    <subfield code="w">2020-06-25</subfield>
    <subfield code="y">LBS1</subfield>
  </datafield>
  <datafield tag="952" ind1=" " ind2=" ">
    <subfield code="0">0</subfield>
    <subfield code="1">0</subfield>
    <subfield code="2">ddc</subfield>
    <subfield code="5">1</subfield>
    <subfield code="7">0</subfield>
    <subfield code="8">PD</subfield>
    <subfield code="a">BNPHU</subfield>
    <subfield code="b">BNPHU</subfield>
    <subfield code="c">CT</subfield>
    <subfield code="d">2015-01-14</subfield>
    <subfield code="o">S471d</subfield>
    <subfield code="p">44837-10</subfield>
    <subfield code="r">2020-06-25</subfield>
    <subfield code="w">2020-06-25</subfield>
    <subfield code="y">LBS1</subfield>
  </datafield>
  <datafield tag="952" ind1=" " ind2=" ">
    <subfield code="0">0</subfield>
    <subfield code="1">0</subfield>
    <subfield code="2">ddc</subfield>
    <subfield code="5">1</subfield>
    <subfield code="7">0</subfield>
    <subfield code="8">PD</subfield>
    <subfield code="a">BNPHU</subfield>
    <subfield code="b">BNPHU</subfield>
    <subfield code="c">CT</subfield>
    <subfield code="d">2015-01-14</subfield>
    <subfield code="o">S471d</subfield>
    <subfield code="p">44837-20</subfield>
    <subfield code="r">2020-06-25</subfield>
    <subfield code="t">e. 2</subfield>
    <subfield code="w">2020-06-25</subfield>
    <subfield code="y">LBS1</subfield>
  </datafield>
  <datafield tag="952" ind1=" " ind2=" ">
    <subfield code="0">0</subfield>
    <subfield code="1">0</subfield>
    <subfield code="2">ddc</subfield>
    <subfield code="5">6</subfield>
    <subfield code="7">0</subfield>
    <subfield code="8">DS</subfield>
    <subfield code="a">BNPHU</subfield>
    <subfield code="b">BNPHU</subfield>
    <subfield code="c">CT</subfield>
    <subfield code="d">2022-02-09</subfield>
    <subfield code="e">Donado por V&#xED;ctor Hugo</subfield>
    <subfield code="l">0</subfield>
    <subfield code="o">S471d</subfield>
    <subfield code="p">2023-0841</subfield>
    <subfield code="r">2023-02-10</subfield>
    <subfield code="t">e.4</subfield>
    <subfield code="w">2023-02-10</subfield>
    <subfield code="y">LBS1</subfield>
  </datafield>
  <datafield tag="999" ind1=" " ind2=" ">
    <subfield code="c">44326</subfield>
    <subfield code="d">44326</subfield>
  </datafield>
</record>
